Les tsunamis les plus destructeurs - Statistiques

Statistiques générales
  • Ce quiz a été pris 61 fois
  • Le résultat moyen est 6 sur 10
Statistiques - réponses
Morts Date Pays % Correct
227 898 26 décembre 2004 Indonésie, Thaïlande, Inde, Sri Lanka, Maldives, Somalie
94%
31 000 20 septembre 1498 Japon
85%
30 000 28 octobre 1707 Japon
85%
27 122 15 juin 1896 Japon
85%
36 417 26 août 1883 Indonésie
75%
25 674 12 août 1868 Chili
40%
123 000 28 décembre 1908 Italie
40%
Entre 40 000 et 50 000 1er novembre 1755 Portugal
40%
Entre 30 000 et 100 000 2 av. J.-C. Grèce
27%
Entre 5 700 et 50 000 21 juillet 365 Grèce
27%
Aucun quiz correspondant
Distribution des résultats
% des personnes avec chaque résultat
Percentile par nombre de réponses
Votre historique - résultats
Vous n’avez pas pris ce quiz